000 00330nam a2200133Ia 4500
008 240624s9999 xx 000 0 und d
041 _aeng
082 _a658.408 OKP
100 _aOKPARA JOHN
245 _aCORPORATE SOCIAL RESPONSIBILITY CHALLENG
260 _c2013
_aleaders
_bSpringer
300 _a296 : p.
365 _cERU
_b30
999 _c24364
_d24364